000 00551nam a2200169 i 4500
001 99370
003 ES-MaACL
005 20250828063248.0
007 t|
008 050907s1979 sp ||||1| spa d
100 1 _aMartín-Retortillo Baquer, Lorenzo,
_d1936-
_977628
245 1 0 _aEn los albores de la democracia
_b: (Pequeñas intervenciones en el Senado) /
_cLorenzo Martín-Retortillo Baquer.
260 _aZaragoza :
_bGuara,
_c1979.
300 _a222 p. ;
_c20 cm.
852 _aES-MaACL
_jA-10657
_bR.99650
999 _c99370
_d99370